[Event "Copenhagen CC IM"]
[Site "Ballerup"]
[Date "2022.05.27"]
[Round "4"]
[White "Jacobsen, Mikkel Manosri"]
[Black "Nielsen, Thomas Bach"]
[Result "1/2-1/2"]
[WhiteElo "2251"]
[BlackElo "2189"]
[PlyCount "118"]
[EventDate "2022.05.25"]
[EventType "tourn"]
[EventRounds "9"]
[EventCountry "DEN"]
[EventCategory "2"]
[SourceTitle "CBM 208 Extra"]
[Source "ChessBase"]
[SourceDate "2022.07.31"]
[SourceVersion "1"]
[SourceVersionDate "2022.07.31"]
[SourceQuality "1"]

1. d4 f5 2. Nc3 Nf6 3. Bg5 d5 4. Bxf6 exf6 5. e3 Be6 6. Qf3 Nc6 7. Bd3 Qd7 8. Nge2 Nb4 9. Nf4 Nxd3+ 10. cxd3 0-0-0 11. h3 Bf7 12. g4 g5 13. Nfe2 Bg6 14. gxf5 Qxf5 15. Qxf5+ Bxf5 16. e4 dxe4 17. dxe4 Bg6 18. h4 h5 19. f4 gxf4 20. Kf2 Bf7 21. Rad1 Be6 22. Nxf4 Bg4 23. Rd3 Bd6 24. Ke3 c5 25. Ncd5 Kb8 26. dxc5 Bxc5+ 27. Kd2 Bd6 28. Rf1 f5 29. Ng6 fxe4 30. Nxh8 exd3 31. Nf7 Rf8 32. Rf6 Bg3 33. Ne3 Bxh4 34. Rf1 Be6 35. Rh1 Bf6 36. Nd6 h4 37. Ne4 h3 38. Nxf6 Rxf6 39. Rh2 Bxa2 40. Rxh3 Rd6 41. Nf5 Rd7 42. Ng3 Bc4 43. Ne4 b6 44. Rh6 Kc7 45. Nf6 Re7 46. Kc3 b5 47. b3 Be6 48. Rh5 Kc6 49. Re5 a6 50. Ne4 Rc7 51. Nc5 Kd6 52. Rxe6+ Kxc5 53. Rxa6 Rd7 54. b4+ Kd5 55. Kxd3 Rh7 56. Rg6 Rh3+ 57. Kc2 Kc4 58. Rg4+ Kd5 59. Rg5+ Kc4 1/2-1/2

[Event "Copenhagen CC IM"]
[Site "Ballerup"]
[Date "2022.05.25"]
[Round "1"]
[White "Nielsen, Thomas Bach"]
[Black "Liu, Casper Yukun"]
[Result "0-1"]
[WhiteElo "2189"]
[BlackElo "2218"]
[PlyCount "68"]
[EventDate "2022.05.25"]
[EventType "tourn"]
[EventRounds "9"]
[EventCountry "DEN"]
[EventCategory "2"]
[SourceTitle "CBM 208 Extra"]
[Source "ChessBase"]
[SourceDate "2022.07.31"]
[SourceVersion "1"]
[SourceVersionDate "2022.07.31"]
[SourceQuality "1"]

1. d4 d5 2. c4 c6 3. cxd5 cxd5 4. Nf3 Nf6 5. Nc3 Nc6 6. Bf4 a6 7. e3 Bg4 8. Bd3 e6 9. h3 Bh5 10. g4 Bg6 11. Bxg6 hxg6 12. Ne5 Nxe5 13. Bxe5 Bd6 14. Bxd6 Qxd6 15. Rc1 Qb4 16. Qe2 Ne4 17. a3 Qa5 18. Kd1 Nd6 19. h4 Rc8 20. h5 Nc4 21. e4 Qb6 22. exd5 Nxb2+ 23. Ke1 Na4 24. Rh3 gxh5 25. dxe6 0-0 26. Rxh5 Qxd4 27. Qc2 g6 28. exf7+ Kg7 29. Rh3 Rxf7 30. Rd3 Qxg4 31. Rg3 Qe6+ 32. Kf1 Qf6 33. Rxg6+ Qxg6 34. Qxa4 Qd3+ 0-1

[Event "DEN-chT 1920 58th"]
[Site "Denmark"]
[Date "2020.09.06"]
[Round "9.3"]
[White "Nielsen, Thomas Bach"]
[Black "Rewitz, Jan"]
[Result "1-0"]
[WhiteElo "2119"]
[BlackElo "2094"]
[PlyCount "41"]
[EventDate "2019.11.23"]
[EventType "team-tourn"]
[EventRounds "9"]
[EventCountry "DEN"]
[SourceTitle "EXT 2021"]
[Source "ChessBase"]
[SourceDate "2020.10.23"]
[SourceVersion "1"]
[SourceVersionDate "2020.10.23"]
[SourceQuality "1"]
[WhiteTeam "Ballerup"]
[BlackTeam "Nordre"]
[WhiteTeamCountry "DEN"]
[BlackTeamCountry "DEN"]

1. d4 Nf6 2. c4 g6 3. Nc3 Bg7 4. e4 d6 5. h3 0-0 6. Be3 e5 7. d5 c5 8. g4 Ne8 9. Nf3 f5 10. gxf5 gxf5 11. exf5 Bxf5 12. Rg1 Kh8 13. Ng5 Nf6 14. Bd3 e4 15. Ncxe4 Nxe4 16. Bxe4 Bxb2 17. Bxf5 Rxf5 18. Qg4 Rxg5 19. Bxg5 Qe8+ 20. Kf1 Bxa1 21. Bh6 1-0

[Event "DEN-chT 1819 57th"]
[Site "Denmark"]
[Date "2018.12.09"]
[Round "4.5"]
[White "Nordenbaek, Jan"]
[Black "Nielsen, Thomas Bach"]
[Result "1/2-1/2"]
[WhiteElo "2173"]
[BlackElo "2136"]
[PlyCount "83"]
[EventDate "2018.10.27"]
[EventType "team-tourn"]
[EventRounds "9"]
[EventCountry "DEN"]
[SourceTitle "CBM 187 Extra"]
[Source "ChessBase"]
[SourceDate "2018.11.04"]
[SourceVersion "1"]
[SourceVersionDate "2018.11.04"]
[SourceQuality "1"]
[WhiteTeam "Hillerod"]
[BlackTeam "BMS"]
[WhiteTeamCountry "DEN"]
[BlackTeamCountry "DEN"]

1. e4 c6 2. d4 d5 3. exd5 cxd5 4. Bd3 Nc6 5. c3 Qc7 6. Ne2 Bg4 7. 0-0 e6 8. Qe1 Bxe2 9. Qxe2 Bd6 10. Kh1 Nf6 11. Bg5 0-0-0 12. Na3 a6 13. Qf3 Rdg8 14. Nc2 h6 15. Bd2 Kb8 16. b4 e5 17. Qh3 e4 18. Be2 Qc8 19. Qxc8+ Rxc8 20. Rab1 Ka7 21. b5 Na5 22. Ne3 g6 23. g3 Nc4 24. Bxc4 dxc4 25. bxa6 bxa6 26. f3 Rh7 27. Ng4 Nxg4 28. fxg4 f5 29. gxf5 gxf5 30. Rxf5 Rb8 31. Rff1 h5 32. Be3 Rxb1 33. Rxb1 Rb7 34. Rxb7+ Kxb7 35. Kg2 Kc6 36. h4 Ba3 37. g4 hxg4 38. h5 Bf8 39. Kg3 Kd5 40. Kxg4 Bg7 41. Kf5 Bh8 42. h6 1/2-1/2

[Event "Helsingor Xtracon op"]
[Site "Helsingor"]
[Date "2018.07.29"]
[Round "10"]
[White "Nielsen, Thomas Bach"]
[Black "Ramsdal, Jens Albert"]
[Result "1-0"]
[WhiteElo "2111"]
[BlackElo "2259"]
[PlyCount "81"]
[EventDate "2018.07.21"]
[EventType "swiss"]
[EventRounds "10"]
[EventCountry "DEN"]
[SourceTitle "CBM 185 Extra"]
[Source "ChessBase"]
[SourceDate "2018.07.29"]
[SourceVersion "1"]
[SourceVersionDate "2018.07.29"]
[SourceQuality "1"]

1. d4 Nf6 2. c4 g6 3. Nc3 Bg7 4. e4 d6 5. h3 0-0 6. Nf3 c5 7. d5 e6 8. Bd3 exd5 9. exd5 Re8+ 10. Be3 Bh6 11. 0-0 Bxe3 12. fxe3 Qe7 13. e4 Nbd7 14. Qd2 Rf8 15. Rf2 Ne8 16. Raf1 Ne5 17. Nxe5 Qxe5 18. Qf4 Qxf4 19. Rxf4 Kg7 20. g4 h6 21. Kh2 Bd7 22. Kg3 f6 23. Bc2 Nc7 24. h4 b5 25. g5 fxg5 26. hxg5 hxg5 27. Rxf8 Rxf8 28. Rxf8 Kxf8 29. cxb5 Kg7 30. a4 Kf6 31. Bd3 Ke5 32. a5 Bc8 33. b6 axb6 34. axb6 Na8 35. Na4 c4 36. Bc2 Kd4 37. Bb1 c3 38. bxc3+ Kc4 39. e5 Kb3 40. exd6 Kxa4 41. d7 1-0

[Event "Helsingor Xtracon op"]
[Site "Helsingor"]
[Date "2017.07.28"]
[Round "8"]
[White "Rietze, Clemens"]
[Black "Nielsen, Thomas Bach"]
[Result "1-0"]
[WhiteElo "2343"]
[BlackElo "2144"]
[PlyCount "121"]
[EventDate "2017.07.22"]
[EventType "swiss"]
[EventRounds "10"]
[EventCountry "DEN"]
[SourceTitle "CBM 179 Extra"]
[Source "ChessBase"]
[SourceDate "2017.08.23"]
[SourceVersion "1"]
[SourceVersionDate "2017.08.23"]
[SourceQuality "1"]

1. d4 f5 2. c4 Nf6 3. Nc3 d6 4. Bg5 Nbd7 5. Qc2 e6 6. e4 fxe4 7. Nxe4 Be7 8. Nc3 e5 9. Nf3 0-0 10. dxe5 Nxe5 11. Nxe5 dxe5 12. Rd1 Qe8 13. Be2 Ng4 14. Bxe7 Qxe7 15. 0-0 Qh4 16. Bxg4 Qxg4 17. Qe4 Qxe4 18. Nxe4 Be6 19. b3 Rad8 20. f3 h6 21. Kf2 Kf7 22. Nc5 Bc8 23. Ke3 b6 24. Nd3 Rfe8 25. Nb4 Bb7 26. Rd3 Rxd3+ 27. Nxd3 a5 28. Nf2 Ke6 29. Rd1 a4 30. b4 b5 31. cxb5 Bd5 32. a3 Rb8 33. Nd3 Rxb5 34. Nc5+ Kd6 35. Nxa4 Rb8 36. Nc3 c6 37. Ne4+ Ke7 38. Nc5 g5 39. Nd3 Kf6 40. Nc5 Kf5 41. Ra1 g4 42. fxg4+ Kxg4 43. Nd7 Rb5 44. Nxe5+ Kf5 45. Nf3 Bxf3 46. Kxf3 c5 47. Rb1 cxb4 48. axb4 h5 49. Ke3 Ke5 50. Kd3 Kd5 51. Kc3 Kc6 52. Kd4 Rg5 53. b5+ Kb6 54. Rb2 h4 55. Ke4 Rg4+ 56. Kf3 Rc4 57. Re2 Kxb5 58. Re4 Rc3+ 59. Kg4 Rc2 60. Kh3 Rc3+ 61. Kxh4 1-0

[Event "Helsingor Xtracon op"]
[Site "Helsingor"]
[Date "2017.07.27"]
[Round "7"]
[White "Nielsen, Thomas Bach"]
[Black "Henningsen, Lasse"]
[Result "1-0"]
[WhiteElo "2144"]
[BlackElo "1988"]
[PlyCount "50"]
[EventDate "2017.07.22"]
[EventType "swiss"]
[EventRounds "10"]
[EventCountry "DEN"]
[SourceTitle "CBM 179 Extra"]
[Source "ChessBase"]
[SourceDate "2017.08.23"]
[SourceVersion "1"]
[SourceVersionDate "2017.08.23"]
[SourceQuality "1"]

1. d4 d5 2. c4 e6 3. Nc3 Nf6 4. cxd5 exd5 5. Bg5 c6 6. e3 Be7 7. Bd3 0-0 8. Nge2 Nbd7 9. Ng3 Re8 10. Nf5 Bf8 11. Qf3 Kh8 12. g4 Re6 13. 0-0-0 Qe8 14. Ng3 g6 15. h4 Bg7 16. h5 Kg8 17. hxg6 fxg6 18. e4 dxe4 19. Ngxe4 Nd5 20. Qh3 Nf8 21. Nc5 Nxc3 22. bxc3 Rd6 23. Bc4+ Rd5 24. Rde1 Qf7 25. Re7 Qxf2 1-0

[Event "Helsingor Xtracon op"]
[Site "Helsingor"]
[Date "2017.07.24"]
[Round "4"]
[White "Rosen, Eric S"]
[Black "Nielsen, Thomas Bach"]
[Result "1-0"]
[WhiteElo "2369"]
[BlackElo "2144"]
[PlyCount "95"]
[EventDate "2017.07.22"]
[EventType "swiss"]
[EventRounds "10"]
[EventCountry "DEN"]
[SourceTitle "CBM 179 Extra"]
[Source "ChessBase"]
[SourceDate "2017.08.23"]
[SourceVersion "1"]
[SourceVersionDate "2017.08.23"]
[SourceQuality "1"]

1. e4 c6 2. c4 d5 3. exd5 cxd5 4. cxd5 Nf6 5. Nc3 Nxd5 6. Nf3 Nc6 7. Bb5 e6 8. 0-0 Be7 9. Re1 0-0 10. d4 Bd7 11. Bd3 Bf6 12. Ne4 Be7 13. a3 Rc8 14. b4 a6 15. Nc5 Qc7 16. Ng5 g6 17. Qg4 h5 18. Qe4 Nf6 19. Qh4 Ng4 20. Re4 e5 21. h3 Nh6 22. Re1 Nxd4 23. Qg3 Nhf5 24. Bxf5 Nxf5 25. Qxe5 Bxc5 26. Qxc5 Qxc5 27. bxc5 Rxc5 28. Ne4 Rc6 29. Bb2 f6 30. Rad1 Bc8 31. Nxf6+ Kf7 32. Nh7 Re8 33. Ng5+ Kf8 34. Be5 Rc5 35. f4 Rc2 36. Rd6 Rc6 37. Rxc6 bxc6 38. g4 hxg4 39. hxg4 Ne7 40. Nh7+ Kf7 41. Ng5+ Kf8 42. Bd6 Bxg4 43. Kf2 a5 44. Kg3 Bc8 45. Re5 Ba6 46. Rxa5 Bc4 47. Re5 Bd5 48. Kf2 1-0

[Event "Helsingor Xtracon op"]
[Site "Helsingor"]
[Date "2016.07.29"]
[Round "8"]
[White "Flick, Antoine"]
[Black "Nielsen, Thomas Bach"]
[Result "1-0"]
[WhiteElo "2318"]
[BlackElo "2103"]
[PlyCount "81"]
[EventDate "2016.07.23"]
[EventType "swiss"]
[EventRounds "10"]
[EventCountry "DEN"]
[SourceTitle "CBM 173 Extra"]
[Source "ChessBase"]
[SourceDate "2016.08.29"]
[SourceVersion "1"]
[SourceVersionDate "2016.08.29"]
[SourceQuality "1"]

1. d4 f5 2. Bg5 c6 3. e3 Qb6 4. b3 d6 5. Bc4 g6 6. Nf3 Nd7 7. 0-0 Ngf6 8. Nbd2 d5 9. Be2 Bg7 10. c4 e6 11. Qc2 0-0 12. Rab1 Ne4 13. Bf4 Qd8 14. b4 Ndf6 15. b5 Nxd2 16. Nxd2 Ne4 17. bxc6 bxc6 18. Nxe4 fxe4 19. cxd5 cxd5 20. Qc6 Bd7 21. Qd6 Rf7 22. Rfc1 Bf8 23. Qa6 Rc8 24. Bg4 Rxc1+ 25. Rxc1 Qe7 26. Rc7 Kg7 27. Be5+ Kh6 28. h3 Bg7 29. Bg3 g5 30. Qxa7 Kg6 31. Be2 Qe8 32. a4 h5 33. Bb5 h4 34. Bxd7 Qe7 35. Be8 Qxe8 36. Rxf7 Qxf7 37. Qxf7+ Kxf7 38. a5 hxg3 39. a6 gxf2+ 40. Kxf2 Bxd4 41. exd4 1-0

[Event "Farum Fureso op+"]
[Site "Farum"]
[Date "2016.??.??"]
[Round "2"]
[White "Haubro, Martin"]
[Black "Nielsen, Thomas Bach"]
[Result "1-0"]
[WhiteElo "2376"]
[BlackElo "2121"]
[PlyCount "63"]
[EventDate "2016.??.??"]
[EventType "swiss"]
[EventRounds "6"]
[EventCountry "DEN"]
[SourceTitle "EXT 2024"]
[Source "ChessBase"]
[SourceDate "2023.10.10"]
[SourceVersion "1"]
[SourceVersionDate "2023.10.10"]
[SourceQuality "1"]

1. d4 f5 2. Bg5 h6 3. Bh4 g5 4. e3 Nf6 5. Bg3 d6 6. h4 g4 7. h5 Nc6 8. Nc3 Bg7 9. Nge2 e5 10. dxe5 dxe5 11. Qxd8+ Kxd8 12. 0-0-0+ Ke7 13. f4 e4 14. Bh4 Be6 15. Nd5+ Bxd5 16. Rxd5 Ke6 17. Rb5 Nd5 18. Bf2 b6 19. Ng3 a6 20. Rxd5 Kxd5 21. Nxf5 Bf6 22. Be2 Rag8 23. Rd1+ Ke6 24. Nxh6 Rxh6 25. Bc4+ Kf5 26. Bxg8 Ne7 27. Bf7 Rh7 28. Be8 Ke6 29. Bd7+ Kf7 30. Bxg4 Ke8 31. Bd7+ Kf7 32. g4 1-0